El contrato de trabajo a tiempo parcial: difícil equilibrio entre flexibilidad y seguridad

Guardat en:
Dades bibliogràfiques
Autor principal: Ferradans Carames, Carmen (Autor)
Format: Llibre
Idioma:espanyol
Publicat: Pamplona Aranzadi 2006
Col·lecció:Colección Monografías Aranzadi
Matèries:
Etiquetes: Afegir etiqueta
Sense etiquetes, Sigues el primer a etiquetar aquest registre!

MARC

LEADER 00000nam a2200000 a 4500
001 UCJ0496
003 CL-VaPUC
008 060804e20060000SP |||||||||||||||||spa|d
020 |a 8497675762 
082 0 4 |a 344.4601  |b FER  |2 21 
100 0 |a Ferradans Carames, Carmen  |e author  |9 500713 
245 1 3 |a El contrato de trabajo a tiempo parcial: difícil equilibrio entre flexibilidad y seguridad 
300 |a 306 p 
942 |c BK 
945 |d 20060804 00:00:00  |a jtorresc 
260 |a Pamplona  |b Aranzadi  |c 2006 
650 7 |a DERECHO LABORAL  |2 CL-VaPUC  |9 15 
650 0 |a Relaciones laborales   |9 335971 
650 7 |a CONTRATO DE TRABAJO  |2 CL-VaPUC  |9 500714 
650 0 |a Clima organizacional   |9 383014 
583 |a last modification  |c 20170801 03:38:01  |k Rodrigo Vera 
490 0 |a Colección Monografías Aranzadi 
999 |c 317330  |d 317328 
952 |0 0  |1 0  |4 0  |6 344_460100000000000_FER_2006  |7 0  |8 A  |9 393596  |a BIBDER  |b BIBDER  |d 2019-11-22  |i 4259289  |o 344.4601 FER 2006  |p 4259289  |r 2023-01-25  |w 2019-11-22  |y BK  |k DER